| 000 | 01386na a2200361 4500 | ||
|---|---|---|---|
| 999 |
_c7940 _d7940 |
||
| 001 | 20784 | ||
| 003 | MIRAKIL | ||
| 005 | 20200304144622.0 | ||
| 008 | 170127b tu 000 0 | ||
| 035 | _a20784 | ||
| 040 |
_aTR-AnCHP _btur _cTR-AnCHP |
||
| 041 | _atur | ||
| 082 |
_aCHP 305.4 _bC36k 2002 |
||
| 090 | _aBROŞÜR 214 | ||
| 110 | _aCumhuriyet Halk Partisi (CHP) | ||
| 222 | _aKadın programı | ||
| 245 |
_aCumhuriyet Halk Partisi kadın programı: _b8 Mart 2002/ _cCumhuriyet Halk Partisi. |
||
| 260 |
_aAnkara: _bCHP, _c2002. |
||
| 300 |
_a95 s.: _c19 sm. |
||
| 440 |
_aCumhuriyet Halk Partisi yayınları _vProgramlar |
||
| 505 | _aKadın ve politika - Kadın ve ekonomi - Kadın ve hukuk - Kadın ve sağlık - Kadın ve şiddet - Kadın ve çevre - Kız çocukları - Ev kadınları - CHP'nin farklı kadın programları | ||
| 610 |
_aCHP _xPropaganda ve ideolojiler _yKadın hakları |
||
| 610 |
_aCHP _xProgramlar, 2002 _yKadın politikaları |
||
| 610 |
_aCHP _xKadın sorunu _yÇözüm önerileri |
||
| 650 |
_aKadınlar _xSosyo ekonomik durum _zTürkiye |
||
| 651 |
_aTürkiye _xSiyaset ve yönetim _y2002- |
||
| 740 | _aCHP'nin farklı kadın programları | ||
| 830 | _aCHP programları | ||
| 856 | _zDijital Nüshası için Partimizin Kütüphane Sorumlusu ile iletişime geçiniz. | ||
| 942 |
_2ddc _cVIS |
||
| 999 | _d7940 | ||